Basics of distribution management : (Record no. 3516)
[ view plain ]
| 000 -LEADER | |
|---|---|
| fixed length control field | 01053nam a2200313Ia 4500 |
| 001 - CONTROL NUMBER | |
| control field | 3516 |
| 003 - CONTROL NUMBER IDENTIFIER | |
| control field | BD-DhEWU |
| 005 - DATE AND TIME OF LATEST TRANSACTION | |
| control field | 20190116114309.0 |
| 008 - FIXED-LENGTH DATA ELEMENTS--GENERAL INFORMATION | |
| fixed length control field | 110604s2003 ii a g 001 0 eng d |
| 020 ## - INTERNATIONAL STANDARD BOOK NUMBER | |
| International Standard Book Number | 8120321820 |
| 035 ## - SYSTEM CONTROL NUMBER | |
| System control number | (OCoLC) 56953038 |
| 040 ## - CATALOGING SOURCE | |
| Original cataloging agency | BD-DhEWU |
| Modifying agency | BD-DhEWU |
| Language of cataloging | eng |
| Transcribing agency | BD-DhEWU |
| 041 ## - LANGUAGE CODE | |
| Language code of text/sound track or separate title | eng |
| 082 04 - DEWEY DECIMAL CLASSIFICATION NUMBER | |
| Classification number | 658.788 |
| Item number | KAB 2003 |
| Edition number | 22 |
| 100 1# - MAIN ENTRY--PERSONAL NAME | |
| Personal name | Kapoor, Satish K. |
| 9 (RLIN) | 11593 |
| 245 10 - TITLE STATEMENT | |
| Title | Basics of distribution management : |
| Remainder of title | a logical approach / |
| Statement of responsibility, etc | Satish K Kapoor; Purva Kansal |
| 260 ## - PUBLICATION, DISTRIBUTION, ETC. (IMPRINT) | |
| Place of publication, distribution, etc | New Delhi : |
| Name of publisher, distributor, etc | Prentice-Hall, |
| Date of publication, distribution, etc | c2003. |
| 300 ## - PHYSICAL DESCRIPTION | |
| Extent | xi, 260 p. : |
| Other physical details | ill. ; |
| Dimensions | 24 cm. |
| 504 ## - BIBLIOGRAPHY, ETC. NOTE | |
| Bibliography, etc | Includes bibliographical references and index. |
| 526 ## - STUDY PROGRAM INFORMATION NOTE | |
| Program name | BA |
| 590 ## - LOCAL NOTE (RLIN) | |
| Local note | Shaharima Parvin |
| 650 #0 - SUBJECT ADDED ENTRY--TOPICAL TERM | |
| Topical term or geographic name as entry element | Physical distribution |
| 9 (RLIN) | 10732 |
| 653 00 - INDEX TERM--UNCONTROLLED | |
| Uncontrolled term | Transportation |
| Uncontrolled term | Management |
| 700 1# - ADDED ENTRY--PERSONAL NAME | |
| Personal name | Kansal, Purva |
| 9 (RLIN) | 11594 |
| 856 42 - ELECTRONIC LOCATION AND ACCESS | |
| Materials specified | WorldCat details |
| Uniform Resource Identifier | https://www.worldcat.org/title/basics-of-distribution-management-a-logistical-approach/oclc/56953038&referer=brief_results |
| 942 ## - ADDED ENTRY ELEMENTS (KOHA) | |
| Koha item type | Text |
| Source of classification or shelving scheme | Dewey Decimal Classification |
| Withdrawn status | Lost status | Source of classification or shelving scheme | Damaged status | Not for loan | Collection code | Home library | Current library | Shelving location | Date acquired | Source of acquisition | Cost, normal purchase price | Total Checkouts | Full call number | Barcode | Copy number | Koha item type |
|---|---|---|---|---|---|---|---|---|---|---|---|---|---|---|---|---|
| Dewey Decimal Classification | Not For Loan | Non-fiction | Dr. S. R. Lasker Library, EWU | Dr. S. R. Lasker Library, EWU | Reserve Section | 10/01/2004 | Smart Books | 220.00 | 658.788 KAB 2003 | 13499 | C-1 | Text | ||||
| Dewey Decimal Classification | Non-fiction | Dr. S. R. Lasker Library, EWU | Dr. S. R. Lasker Library, EWU | Circulation Section | 25/01/2004 | Bangaldesh Photostat | 220.00 | 658.788 KAB 2003 | 13525 | C-4 | Text | |||||
| Dewey Decimal Classification | Non-fiction | Dr. S. R. Lasker Library, EWU | Dr. S. R. Lasker Library, EWU | Circulation Section | 25/01/2004 | Bangaldesh Photostat | 220.00 | 658.788 KAB 2003 | 13527 | C-6 | Text | |||||
| Dewey Decimal Classification | Non-fiction | Dr. S. R. Lasker Library, EWU | Dr. S. R. Lasker Library, EWU | Circulation Section | 25/01/2004 | Bangaldesh Photostat | 220.00 | 658.788 KAB 2003 | 13528 | C-7 | Text | |||||
| Dewey Decimal Classification | Non-fiction | Dr. S. R. Lasker Library, EWU | Dr. S. R. Lasker Library, EWU | Circulation Section | 25/01/2004 | Bangaldesh Photostat | 220.00 | 658.788 KAB 2003 | 13531 | C-10 | Text | |||||
| Dewey Decimal Classification | Dr. S. R. Lasker Library, EWU | Dr. S. R. Lasker Library, EWU | 10/01/2004 | Smart Books | 220.00 | 658.788 KAB | 3622-13500 | C-2 | Text | |||||||
| Dewey Decimal Classification | Not For Loan | Non-fiction | Dr. S. R. Lasker Library, EWU | Dr. S. R. Lasker Library, EWU | Reserve Section | 25/01/2004 | Bangaldesh Photostat | 220.00 | 658.788 KAB 2003 | 13524 | C-3 | Text | ||||
| Dewey Decimal Classification | Non-fiction | Dr. S. R. Lasker Library, EWU | Dr. S. R. Lasker Library, EWU | Circulation Section | 25/01/2004 | Bangaldesh Photostat | 220.00 | 658.788 KAB 2003 | 13526 | C-5 | Text | |||||
| Dewey Decimal Classification | Non-fiction | Dr. S. R. Lasker Library, EWU | Dr. S. R. Lasker Library, EWU | Circulation Section | 25/01/2004 | Bangaldesh Photostat | 220.00 | 658.788 KAB 2003 | 13529 | C-8 | Text | |||||
| Dewey Decimal Classification | Non-fiction | Dr. S. R. Lasker Library, EWU | Dr. S. R. Lasker Library, EWU | Circulation Section | 25/01/2004 | Bangaldesh Photostat | 220.00 | 658.788 KAB 2003 | 13530 | C-9 | Text |